Noticia biográfica del prócer Don Joaquín Camacho (Registro nro. 15800)
[ vista simple ]
| 000 -ENCABEZADO | |
|---|---|
| Número de control [NR] | 00709nam a2200193Ia 4500 |
| 005 - FECHA Y HORA DE LA ÚLTIMA TRANSACCIÓN | |
| control field | 20211108101744.0 |
| 008 - DE LONGITUD FIJA DE DATOS DE ELEMENTOS - INFORMACIÓN GENERAL | |
| Elementos de longitud fija [NR] | 130821s1954 ck gr dspa |
| 040 ## - FUENTE DE CATALOGACION [NR] | |
| Agencia de catalogación original [NR] | Co-BoUCM |
| Idioma de catalogación [NR] | spa |
| Quien Cataloga | Saul Niño (Modificó) |
| Quien Clasifica | [Nuevo] |
| 041 ## - CODIGO DE IDIOMA [R] | |
| Código de idioma para texto/pista de sonido o título separado [R] | Español |
| 100 10 - ASIENTO PRINCIPAL--NOMBRE PERSONAL [NR] | |
| Nombre personal [NR] | Martinez Delgado, Luis |
| Fechas asociadas con el nombre [NR] | 1894- |
| ID Autoridad | 95223 |
| 245 10 - MENCION DE TITULO [NR] | |
| Título [NR] | Noticia biográfica del prócer Don Joaquín Camacho |
| Parte restante del título [NR] | documentos |
| Mención de responsabilidad, etc. [NR] | Luis Martínez Delgado |
| 260 ## - PUBLICACION, DISTRIBUCION, ETC. (PIE DE IMPRENTA) [R] | |
| Lugar de publicación, distribución, etc. [R] | Bogotá (Colombia) |
| Nombre del editor, distribuidor, etc. [R] | Editorial Pax |
| Fecha de publicación, distribución, etc. [R] | 1954 |
| 300 ## - DESCRIPCION FISICA [R] | |
| Extensión [R] | 368 páginas |
| 490 0# - MENCION DE SERIE [R] | |
| Mención de serie [R] | Biblioteca de historia nacional |
| Designación numérica/secuencial del volumen [NR] | 89 |
| 600 10 - ASIENTO SECUNDARIO DE MATERIA - NOMBRE PERSONAL [R] | |
| Nombre personal [NR] | Camacho, Joaquín |
| Fechas asociadas con el nombre [NR] | 1766-1816 |
| Subdivisión general [R] | Biografías |
| 9 (RLIN) | 95224 |
| 650 04 - ASIENTO SECUNDARIO DE MATERIA - TERMINO TEMATICO [R] | |
| Término temático o nombre geográfico como elemento de entrada [NR] | Biografías |
| 9 (RLIN) | 7343 |
| 942 ## - ELEMENTOS DE ENTRADA AGREGADOS (KOHA) | |
| Tipo de ítem principal el descrito en 300a | Libro |
| Tema principal | Biografías |
| Edición | 1 |
| Parte restante de la signatura top. | M17no |
| Sistema de clasificación | DEWEY |
| Clasificación | 920 |
| Fecha de último préstamo | Total préstamos | Signatura topográfica | Código de barras | Última vez visto | Ejemplar | Price effective from | Tipo de ítem | Perdido | Sistema de clasificación | Dañado | No prestable | Tipo de ítem específico | Suprimido | Ubicación habitual | Ubicación actual | Localización | Fecha de creación | Forma de adquisición | Costo |
|---|---|---|---|---|---|---|---|---|---|---|---|---|---|---|---|---|---|---|---|
| 15/05/2012 | 15 | 920 M17no | 100004646 | 09/12/2025 | Ej.1 | 03/02/2013 | Libro | DEWEY | Libro | Claustro | Claustro | 2do piso | 28/02/2003 | Donación | 60.00 |